00665nam a2200181 a 450000100100000000500170001000800410002704000250006808200140009311000530010724500620016026000360022230000340025871000530029204900090034595201120035499900170046600002941720200930055533.0110415s1989 dr ac 000 0 spa d aDO-SdBNPbspacBNPHU axxxbF6731 aFondo de Naciones Unidas para la Infancia93469813aLa cooperación del UNICEF en la República Dominicana. aSanto Domingo :bUNICEF,c1989. a32 P. :bil., retr. ;c28 cm.2 aFondo de Naciones Unidas para la Infancia934698 aBNPD 0010718PDaPDbPDcCTd2011-04-15iLF1l0oxxx F673p29417-10r2020-06-25w2020-06-25yLFPDZNo se presta c28909d28909